000 00557nam a22001937a 4500
003 NUST - PNEC
005 20170116180816.0
008 150511b xxu||||| |||| 00| 0 eng d
020 _a0333657411
040 _cLIBRARY
082 _a510.2462 STR
100 _93518
_aStroud, K.A.
245 _aFurther engineering mathematics : programmes and problems
_cK.A. Stroud
250 _a3rd ed.
260 _aHong Kong
_bMacmillam Education
_cc1996.
300 _avarious pagings :
_c22 cm.
650 _93519
_aEngineering mathematics
_xME
942 _2ddc
_cBK
999 _c63531
_d63531